| 000 | 00832nam a2200325 a 4500 | ||
|---|---|---|---|
| 003 | AR-BaBNM | ||
| 005 | 20251128204307.0 | ||
| 008 | 082120s2002 ||||||||||||||000 | spa|| | ||
| 020 | _a84-336-0152-0 | ||
| 040 | _cAR-BaBNM | ||
| 100 | 1 | _aGiuresou, Constantin C. | |
| 245 | 0 | 0 | _aLa formación del Estado Nacional Unitario Rumano |
| 250 | _a1ª ed. | ||
| 260 |
_aMadrid _bAyuso _c1978 |
||
| 300 |
_a167 p. _bmapas |
||
| 500 | _aContiene cartografía p. 162-167 | ||
| 650 | 4 | _aDEMOGRAFIA | |
| 650 | 4 | _aSOCIEDAD | |
| 650 | 4 | _aECONOMIA | |
| 650 | 4 | _aCIENCIAS POLITICAS | |
| 650 | 4 | _aHISTORIA EUROPEA | |
| 650 | 4 | _aHISTORIA MEDIEVAL | |
| 650 | 4 | _aHISTORIA MODERNA | |
| 650 | 4 | _aFEUDALISMO | |
| 651 | 4 | _aRumania | |
| 651 | 4 | _aEuropa | |
| 700 | 1 |
_aTurégano, Roberto _eilustrador |
|
| 942 | _cBK | ||
| 998 | _cmariana | ||
| 999 |
_c6907 _d6907 |
||